Missionaries and a Hindu state Travancore 1858-1936 / (Record no. 64699)

MARC details
000 -LEADER
fixed length control field 00611nam a22001577a 4500
005 - DATE AND TIME OF LATEST TRANSACTION
control field 20120404124818.0
020 ## - INTERNATIONAL STANDARD BOOK NUMBER
International Standard Book Number 0195655346
Terms of availability 00.00
035 ## - SYSTEM CONTROL NUMBER
System control number B-28156
037 ## - SOURCE OF ACQUISITION
Stock number DPL
Source of stock number/acquisition ENG
100 ## - MAIN ENTRY--PERSONAL NAME
Personal name Kawashima, Koji
245 ## - TITLE STATEMENT
Title Missionaries and a Hindu state Travancore 1858-1936 /
Statement of responsibility, etc by Koji Kawashima
260 ## - PUBLICATION, DISTRIBUTION, ETC. (IMPRINT)
Place of publication, distribution, etc New Delhi
Name of publisher, distributor, etc Oxford University Press
Date of publication, distribution, etc 1998
300 ## - PHYSICAL DESCRIPTION
Extent xi, 252p.
Dimensions 18 cms.
942 ## - ADDED ENTRY ELEMENTS (KOHA)
Source of classification or shelving scheme Dewey Decimal Classification
Item type English Books
Classification part 280.66083
Call number suffix KAW
Holdings
Withdrawn status Lost status Not for loan Collection code Home library Current library Date acquired Cost, normal purchase price Full call number Barcode Cost, replacement price Koha item type
      Non-fiction Sarojini Nagar Sarojini Nagar 04/04/2012 0.00 280.66083 KAW B-28156 0.00 English Books

© Delhi Public Library
Hit Counter
free hit counter